[Event "8th EUR-ch (w)"]
[Site "Dresden GER"]
[Date "2007.04.03"]
[Round "1"]
[White "Golubenko, Valentina"]
[Black "Socko, Monika"]
[Result "1/2-1/2"]
[WhiteElo "2271"]
[BlackElo "2481"]
[EventDate "2007.04.03"]
[PlyCount "128"]

1.d4 Nf6 2.Nf3 e6 3.c4 b6 4.a3 Bb7 5.Nc3 d5 6.cxd5 Nxd5 7.e3 g6 8.Bb5+ c6 
9.Bd3 Bg7 10.h4 Nxc3 11.bxc3 Nd7 12.h5 e5 13.Qc2 Qe7 14.Bb2 c5 15.dxe5 
O-O-O 16.O-O-O Nxe5 17.Nxe5 Qxe5 18.hxg6 hxg6 19.Rxh8 Bxh8 20.Bc4 f5 21.
Rxd8+ Kxd8 22.Qa4 a5 23.Qb3 Kc7 24.Bg8 g5 25.Qf7+ Kb8 26.Qe6 Qg7 27.Bf7 
Qf6 28.Qe8+ Ka7 29.Qd7 Qe5 30.Bg6 f4 31.e4 f3 32.g3 Bf6 33.Bf5 g4 34.Qf7 
Bg5+ 35.Kc2 Qd6 36.Bc8 Be7 37.Bxb7 Kxb7 38.c4 Ka6 39.e5 Qd7 40.e6 Qd8 41.
Qf5 Qg8 42.Qd5 Qe8 43.Qe4 Qg8 44.Kb1 a4 45.Qc6 Qd8 46.Qxa4+ Kb7 47.Qc2 Ka7
48.Ka2 b5 49.cxb5 Qd5+ 50.Qb3 c4 51.Qa4+ Kb8 52.Bc3 Qxe6 53.Qc2 Bc5 54.Qd2
Qe2 55.Qxe2 fxe2 56.Be1 Kc7 57.Kb2 Bd4+ 58.Kc2 Kb6 59.Kd2 Kxb5 60.Kxe2 Ka4
61.f3 gxf3+ 62.Kxf3 Kxa3 63.g4 c3 64.Bxc3 Bxc3 1/2-1/2

[Event "8th EUR-ch (w)"]
[Site "Dresden GER"]
[Date "2007.04.03"]
[Round "1"]
[White "Kadimova, Ilaha"]
[Black "Kosintseva, Nadezhda"]
[Result "1/2-1/2"]
[WhiteElo "2339"]
[BlackElo "2475"]
[EventDate "2007.04.03"]
[PlyCount "61"]

1.d4 Nf6 2.c4 e6 3.Nc3 Bb4 4.Qc2 O-O 5.a3 Bxc3+ 6.Qxc3 d6 7.Nf3 b6 8.e3 
Bb7 9.Be2 Ne4 10.Qc2 f5 11.O-O Rf6 12.b4 Rh6 13.g3 Nd7 14.Bb2 Ndf6 15.d5 
Ng4 16.Rad1 Qe8 17.Nh4 Rxh4 18.gxh4 Qg6 19.Bxg4 Qxg4+ 20.Kh1 Qf3+ 21.Kg1 
exd5 22.cxd5 Ba6 23.Rfe1 Qg4+ 24.Kh1 Qf3+ 25.Kg1 Rf8 26.a4 Bc4 27.Rd4 Qg4+
28.Kh1 Qf3+ 29.Kg1 Qg4+ 30.Kh1 Qf3+ 31.Kg1 1/2-1/2

[Event "8th EUR-ch (w)"]
[Site "Dresden GER"]
[Date "2007.04.03"]
[Round "1"]
[White "Muzicuk, Anna"]
[Black "Makropoulou, Marina"]
[Result "1-0"]
[WhiteElo "2474"]
[BlackElo "2268"]
[EventDate "2007.04.03"]
[PlyCount "73"]

1.d4 d5 2.c4 c6 3.Nf3 Nf6 4.e3 a6 5.Bd3 g6 6.Qc2 Bg7 7.O-O O-O 8.b3 c5 9.
cxd5 cxd4 10.exd4 Nxd5 11.Be4 Nc6 12.Bb2 h6 13.Ne5 Be6 14.Nxc6 bxc6 15.
Qxc6 Qa5 16.Qc2 Rac8 17.Qd2 Qxd2 18.Nxd2 Nf4 19.Nf3 f5 20.Bb7 Rc2 21.Rab1 
a5 22.Rfe1 Rb8 23.Ba6 Bd5 24.Ba1 Nh3+ 25.gxh3 Bxf3 26.Rb2 Rxb2 27.Bxb2 Rb6
28.Bc4+ Kf8 29.Ba3 Be4 30.f3 Bxd4+ 31.Kg2 Bc3 32.Rc1 Bxf3+ 33.Kxf3 Bb4 34.
Bxb4 Rxb4 35.Re1 Rb6 36.a4 Rd6 37.Re6 1-0

[Event "8th EUR-ch (w)"]
[Site "Dresden GER"]
[Date "2007.04.03"]
[Round "1"]
[White "Guramishvili, Sopiko"]
[Black "Hoang Thanh Trang"]
[Result "0-1"]
[WhiteElo "2267"]
[BlackElo "2472"]
[EventDate "2007.04.03"]
[PlyCount "192"]

1.d4 b6 2.c4 Bb7 3.Nc3 e6 4.Nf3 Bb4 5.Bg5 f6 6.Bh4 Ne7 7.e3 Ng6 8.Bg3 
Bxc3+ 9.bxc3 Nc6 10.Bd3 Nce7 11.O-O O-O 12.Nd2 f5 13.Qc2 Kh8 14.f3 d6 15.
Rab1 Bc6 16.Nb3 a5 17.Bf2 a4 18.Nd2 Ra5 19.Rfe1 Ng8 20.e4 Qg5 21.Bf1 Nf6 
22.Be3 f4 23.Bf2 Nh5 24.c5 bxc5 25.Nc4 Raa8 26.dxc5 dxc5 27.Qb2 Nh4 28.
Bxh4 Qxh4 29.Ne5 Be8 30.Qb7 Qd8 31.Bc4 Bg6 32.Red1 Qe7 33.Rd7 Qf6 34.Qxc7 
Rfc8 35.Qd6 Be8 36.Re7 Rd8 37.Qxe6 Qxe6 38.Bxe6 Nf6 39.Bc4 Rab8 40.Rxb8 
Rxb8 41.h3 h6 42.Rc7 Nh5 43.Rxc5 Kh7 44.Nd3 Rb1+ 45.Kf2 g5 46.Rc7+ Ng7 47.
h4 Rd1 48.hxg5 hxg5 49.Ke2 Rb1 50.e5 Kh6 51.Rc8 Bd7 52.Rd8 Bf5 53.Rd6+ Kh7
54.e6 Rb7 55.Bd5 Re7 56.Nc5 a3 57.Rd7 Re8 58.Rc7 Kg6 59.Bc6 Rb8 60.e7 Kf6 
61.Nb3 Bb1 62.Nc1 Rb2+ 63.Kd1 Bc2+ 64.Ke1 Bg6 65.Ra7 Rc2 66.Kd1 Rxc3 67.
Bb5 Bf7 68.Ne2 Re3 69.Nc1 Nf5 70.Bd3 Rxe7 71.Ra6+ Re6 72.Rxa3 Ne3+ 73.Kd2 
Nxg2 74.Be4 g4 75.Ne2 g3 76.Ra5 Rd6+ 77.Kc3 Be6 78.Ra8 Rd1 79.Rf8+ Ke5 80.
a4 Ra1 81.Bc6 Ra3+ 82.Kd2 Bc4 83.Re8+ Kd6 84.Bb5 Ra2+ 85.Kc3 Rxe2 86.Rd8+ 
Kc7 87.Rd7+ Kc8 88.Kxc4 Ne3+ 89.Kc5 g2 90.Rg7 Re1 91.Rg8+ Kc7 92.Rg7+ Kd8 
93.Rd7+ Kc8 94.Kb6 Nd5+ 95.Kc6 g1=Q 96.Ba6+ Kb8 0-1

[Event "8th EUR-ch (w)"]
[Site "Dresden GER"]
[Date "2007.04.03"]
[Round "1"]
[White "Dembo, Yelena"]
[Black "Kulovana, Eva"]
[Result "1/2-1/2"]
[WhiteElo "2470"]
[BlackElo "2267"]
[EventDate "2007.04.03"]
[PlyCount "61"]

1.e4 e5 2.Nf3 Nf6 3.Nxe5 d6 4.Nf3 Nxe4 5.Nc3 Nxc3 6.dxc3 Be7 7.Be3 Nc6 8.
Qd2 Be6 9.O-O-O Qd7 10.Kb1 a6 11.Be2 O-O-O 12.Nd4 Nxd4 13.Bxd4 Rhg8 14.
Rhe1 Rde8 15.h3 Qd8 16.c4 Bf6 17.Be3 Qd7 18.Qb4 Bf5 19.g4 Be4 20.Qb3 Qc6 
21.g5 Bd8 22.c5 d5 23.Bg4+ Kb8 24.f3 Bg6 25.Qxd5 Qxd5 26.Rxd5 f5 27.gxf6 
Bxf6 28.Bd7 Re7 29.Bf2 Rxe1+ 30.Bxe1 Rd8 31.Kc1 1/2-1/2

[Event "8th EUR-ch (w)"]
[Site "Dresden GER"]
[Date "2007.04.03"]
[Round "1"]
[White "Karlovich, Anastazia"]
[Black "Khurtsidze, Nino"]
[Result "0-1"]
[WhiteElo "2266"]
[BlackElo "2469"]
[EventDate "2007.04.03"]
[PlyCount "100"]

1.e4 c5 2.Nf3 e6 3.b3 Nc6 4.Bb2 Nf6 5.e5 Nd5 6.g3 d6 7.Bg2 Nde7 8.exd6 Nf5
9.Na3 Bxd6 10.Nc4 Be7 11.Nfe5 Nxe5 12.Bxe5 O-O 13.O-O Bf6 14.f4 Bxe5 15.
fxe5 Rb8 16.a4 b6 17.Rf4 Bb7 18.Bxb7 Rxb7 19.Qf3 Rd7 20.d3 a6 21.Re1 b5 
22.axb5 axb5 23.Ne3 Nxe3 24.Qxe3 Rd4 25.Qf2 Qc7 26.Rf3 Rd5 27.Rfe3 c4 28.
dxc4 bxc4 29.bxc4 Qxc4 30.R1e2 Qc5 31.Kg2 h6 32.h4 Ra8 33.Qf3 Ra5 34.Rf2 
Qc7 35.Rc3 Rac5 36.Rxc5 Rxc5 37.Qa8+ Qc8 38.Qxc8+ Rxc8 39.Kf3 Rc3+ 40.Kf4 
h5 41.Rg2 Kf8 42.Kg5 g6 43.g4 hxg4 44.Rxg4 Rxc2 45.Rf4 Re2 46.Kf6 Re1 47.
Rf2 Re4 48.Ra2 Rf4+ 49.Kg5 Rf5+ 50.Kh6 Rh5# 0-1

[Event "8th EUR-ch (w)"]
[Site "Dresden GER"]
[Date "2007.04.03"]
[Round "1"]
[White "Cmilyte, Viktorija"]
[Black "Medic, Mirjana"]
[Result "1-0"]
[WhiteElo "2462"]
[BlackElo "2265"]
[EventDate "2007.04.03"]
[PlyCount "107"]

1.d4 e6 2.c4 f5 3.g3 Nf6 4.Bg2 d5 5.Nh3 c6 6.Qc2 Bd6 7.Bf4 O-O 8.O-O Bxf4 
9.Nxf4 Qe7 10.Nd2 Ne4 11.Rac1 Bd7 12.Nd3 Be8 13.f3 Nd6 14.e4 dxc4 15.Nxc4 
Nb5 16.e5 Nxd4 17.Qf2 Nb5 18.Qc5 Qf7 19.a4 Na6 20.Qf2 Nbc7 21.Nd6 Qd7 22.
b4 Nd5 23.Qd2 Qe7 24.f4 Rb8 25.Rc2 Nac7 26.Qf2 b6 27.Rfc1 Bd7 28.Qd4 Rfd8 
29.Qf2 Ne8 30.Bxd5 cxd5 31.Nxe8 Qxe8 32.b5 Rdc8 33.Rc7 Rxc7 34.Rxc7 Qd8 
35.Rxa7 Qc8 36.Qd2 Ra8 37.Rxa8 Qxa8 38.Qc2 Be8 39.Nb4 h6 40.Nc6 Bd7 41.Kf2
Qf8 42.Qc3 Qa8 43.Qc2 Qf8 44.Kg2 Qa8 45.Nd4 Qb7 46.Qc3 Kf7 47.a5 bxa5 48.
Qxa5 g5 49.b6 Bc8 50.fxg5 hxg5 51.Qa7 Kg6 52.Qxb7 Bxb7 53.Nxe6 d4+ 54.Kf2 
1-0

[Event "8th EUR-ch (w)"]
[Site "Dresden GER"]
[Date "2007.04.03"]
[Round "1"]
[White "Srebrnic, Ana"]
[Black "Pahtz, Elisabeth"]
[Result "1-0"]
[WhiteElo "2262"]
[BlackElo "2442"]
[EventDate "2007.04.03"]
[PlyCount "125"]

1.Nf3 e6 2.c4 b6 3.g3 Bb7 4.Bg2 c5 5.O-O Nf6 6.b3 Be7 7.Bb2 O-O 8.e3 Nc6 
9.Nc3 Rc8 10.d4 cxd4 11.Nxd4 Qc7 12.Rc1 Nxd4 13.Qxd4 Bxg2 14.Kxg2 Qb7+ 15.
Kg1 Rfd8 16.Rfd1 Bf8 17.e4 Ng4 18.Na4 f6 19.Qd3 Qc7 20.Qe2 Ne5 21.h3 Nf7 
22.Kh2 Qb7 23.h4 Re8 24.Qd3 Rcd8 25.Re1 Bb4 26.Re2 Bd6 27.f4 Bf8 28.Rce1 
Nh6 29.Kh3 f5 30.exf5 Nxf5 31.Nc3 Bc5 32.Ne4 Bb4 33.Bc3 Be7 34.Ng5 Bxg5 
35.hxg5 Rf8 36.Bb4 Rfe8 37.Bc3 Rf8 38.Bb4 Rfe8 39.g4 Ne7 40.f5 Nc6 41.Bd6 
Qc8 42.f6 g6 43.f7+ Kxf7 44.Rf1+ Kg8 45.Qf3 Rf8 46.Bxf8 Rxf8 47.Qxf8+ Qxf8
48.Rxf8+ Kxf8 49.Rd2 Ne5 50.Kg3 Ke7 51.Rh2 Kd6 52.Kf4 Nd3+ 53.Ke4 Nc5+ 54.
Ke3 e5 55.Rxh7 Ne6 56.Rh8 Kc6 57.Rc8+ Kb7 58.Rg8 Nf4 59.Ke4 d6 60.Rg7+ Kc6
61.Rxa7 Ne6 62.Ke3 Nc7 63.a4 1-0

[Event "8th EUR-ch (w)"]
[Site "Dresden GER"]
[Date "2007.04.03"]
[Round "1"]
[White "Peng Zhaoqin"]
[Black "Stiri, Alexandra"]
[Result "1-0"]
[WhiteElo "2439"]
[BlackElo "2258"]
[EventDate "2007.04.03"]
[PlyCount "71"]

1.Nf3 Nf6 2.c4 e6 3.g3 c5 4.Bg2 Be7 5.d4 cxd4 6.Nxd4 Nc6 7.O-O O-O 8.Nc3 
a6 9.Bf4 Qb6 10.Nb3 d6 11.Bxd6 Rd8 12.c5 Qa7 13.Ne4 Nxe4 14.Bxe4 Bxd6 15.
cxd6 Ne5 16.Rc1 f5 17.Bxf5 Nf7 18.Rc7 Nxd6 19.Rxc8 exf5 20.Qd5+ Kh8 21.
Rxd8+ Rxd8 22.Rd1 Qb6 23.Rd4 h6 24.e3 Qc7 25.Nc5 Qe7 26.Ne6 Rd7 27.f3 Qf6 
28.Nc5 Rd8 29.Qe6 Qg5 30.f4 Qf6 31.b4 Qxe6 32.Nxe6 Rd7 33.g4 g6 34.Nf8 Rd8
35.Nxg6+ Kg7 36.gxf5 1-0

[Event "8th EUR-ch (w)"]
[Site "Dresden GER"]
[Date "2007.04.03"]
[Round "1"]
[White "Dzagnidze, Nana"]
[Black "Gromova, Yulia"]
[Result "1/2-1/2"]
[WhiteElo "2435"]
[BlackElo "2252"]
[EventDate "2007.04.03"]
[PlyCount "79"]

1.d4 Nf6 2.c4 g6 3.Nc3 Bg7 4.e4 d6 5.Be2 O-O 6.Bg5 c5 7.d5 Qa5 8.Qd2 a6 9.
f3 e6 10.Bd3 exd5 11.cxd5 b5 12.Nge2 Nbd7 13.O-O Ne5 14.a4 b4 15.Nd1 Qb6 
16.Kh1 Nxd3 17.Qxd3 Nd7 18.Ne3 Ne5 19.Qd2 a5 20.f4 Ng4 21.Nxg4 Bxg4 22.f5 
Bxe2 23.Qxe2 Be5 24.f6 c4 25.Qg4 Rfc8 26.Rf3 c3 27.bxc3 Rxc3 28.Rxc3 Bxc3 
29.Qh4 Qd8 30.Rf1 b3 31.Qg3 Rc8 32.h4 b2 33.Qf3 Be5 34.h5 Rc3 35.Qe2 Rg3 
36.Bh4 Rb3 37.Qc2 Rc3 38.Qd2 Rb3 39.Qc2 Rc3 40.Qd2 1/2-1/2

[Event "8th EUR-ch (w)"]
[Site "Dresden GER"]
[Date "2007.04.03"]
[Round "1"]
[White "Paulet, Iozefina"]
[Black "Kovalevskaya, Ekaterina"]
[Result "1/2-1/2"]
[WhiteElo "2241"]
[BlackElo "2432"]
[EventDate "2007.04.03"]
[PlyCount "171"]

1.e4 c5 2.Nc3 e6 3.f4 d5 4.Nf3 dxe4 5.Nxe4 Nc6 6.g3 Be7 7.Bg2 Nf6 8.Nf2 
O-O 9.O-O Qc7 10.b3 b6 11.Bb2 Bb7 12.Nd3 Rad8 13.Nde5 Nd4 14.Nxd4 cxd4 15.
Bxb7 Qxb7 16.Qf3 Qc7 17.Rac1 Rd5 18.Nd3 Rfd8 19.Rfe1 Nd7 20.Re4 Bf6 21.Re2
Nb8 22.a4 Nc6 23.Qe4 Be7 24.Rf1 Bf8 25.f5 exf5 26.Rxf5 Rxf5 27.Qxf5 Ne7 
28.Qf3 Qxc2 29.Ba3 Ng6 30.Bxf8 Rxf8 31.Nb4 Qc5 32.Nd3 Qd6 33.Qf5 Rd8 34.
Rf2 Qe6 35.Qxe6 fxe6 36.Kg2 e5 37.Re2 Re8 38.Kf3 Kf7 39.Ke4 Ke6 40.Rf2 Nh8
41.Nb2 Nf7 42.Kd3 Re7 43.Nc4 Kd5 44.Rf5 Nd8 45.Ke2 Nc6 46.h4 Kc5 47.Kd3 
Kb4 48.Kc2 d3+ 49.Kb2 Nd4 50.Rg5 Nc6 51.Rg4 Kc5 52.Kc3 Rd7 53.Rg5 Kd5 54.
Kxd3 g6 55.Ke3 Ke6 56.d3 Rd5 57.Rg4 Nb4 58.Nb2 Nc2+ 59.Kd2 Rd4 60.Rxd4 
Nxd4 61.b4 Nf5 62.g4 Nxh4 63.Ke3 Kd5 64.Nc4 Ng2+ 65.Kf3 Ne1+ 66.Ke2 Nc2 
67.b5 Nd4+ 68.Ke3 Nb3 69.g5 Nc5 70.a5 bxa5 71.Nxa5 Ne6 72.Nc6 Nxg5 73.Nxa7
Kc5 74.Nc6 Nf7 75.Ke4 Kxb5 76.Nxe5 Nxe5 77.Kxe5 h5 78.d4 h4 79.d5 h3 80.d6
Kc6 81.Ke6 h2 82.d7 h1=Q 83.d8=Q Qe4+ 84.Kf7 Qf5+ 85.Qf6+ Kd5 86.Kg7 
1/2-1/2

[Event "8th EUR-ch (w)"]
[Site "Dresden GER"]
[Date "2007.04.03"]
[Round "1"]
[White "Korbut, Ekaterina"]
[Black "Rybenko, Ksenia"]
[Result "1/2-1/2"]
[WhiteElo "2429"]
[BlackElo "2239"]
[EventDate "2007.04.03"]
[PlyCount "116"]

1.e4 c5 2.Nf3 Nc6 3.d4 cxd4 4.Nxd4 Nf6 5.Nc3 e5 6.Ndb5 d6 7.Bg5 a6 8.Na3 
b5 9.Nd5 Be7 10.Bxf6 Bxf6 11.c3 O-O 12.Nc2 Bg5 13.a4 bxa4 14.Rxa4 a5 15.
Bc4 Rb8 16.Ra2 Kh8 17.Nce3 Bxe3 18.Nxe3 Ne7 19.O-O f5 20.exf5 Nxf5 21.Nxf5
Bxf5 22.Bd5 Rb5 23.c4 Rb4 24.Qd2 Qb6 25.b3 Bd7 26.h3 Bc6 27.Be6 Rd8 28.Qg5
Qc7 29.f4 e4 30.f5 Re8 31.Rf4 Rxb3 32.Rh4 Rb1+ 33.Kh2 h6 34.Qf4 Qe7 35.
Rxa5 Qf6 36.Rg4 g5 37.Qxd6 Bb7 38.Rg3 Rd8 39.Qe5 Qxe5 40.Rxe5 Kg7 41.Rb5 
Rxb5 42.cxb5 Kf6 43.Re3 Rd2 44.Kg1 Ke5 45.Kf1 Rb2 46.Bd7 Bd5 47.g4 Kf4 48.
Re1 e3 49.Bc6 Bxc6 50.bxc6 Rc2 51.f6 Rxc6 52.f7 Rc8 53.Ke2 Rf8 54.Rf1+ Ke5
55.Kxe3 Ke6 56.Ke4 Rxf7 57.Rxf7 Kxf7 58.Kf5 Kg7 1/2-1/2

[Event "8th EUR-ch (w)"]
[Site "Dresden GER"]
[Date "2007.04.03"]
[Round "1"]
[White "Leite, Catarina"]
[Black "Javakhishvili, Lela"]
[Result "0-1"]
[WhiteElo "2232"]
[BlackElo "2425"]
[EventDate "2007.04.03"]
[PlyCount "94"]

1.e4 c5 2.d4 cxd4 3.c3 d3 4.Bxd3 g6 5.Ne2 Bg7 6.c4 Nc6 7.Nbc3 Nf6 8.h3 O-O
9.O-O d6 10.Be3 b6 11.Rc1 Bb7 12.b3 e6 13.Bb1 Qe7 14.Qd2 Rfd8 15.Rfd1 Rd7 
16.Nd4 Rad8 17.Qe2 Nh5 18.Nxc6 Bxc6 19.Bd4 Nf4 20.Qf3 Be5 21.Ne2 Qf6 22.
Bxe5 dxe5 23.Rxd7 Rxd7 24.Nxf4 Qxf4 25.Qxf4 exf4 26.Kf1 Rd4 27.Re1 Kf8 28.
Re2 Ke7 29.Ke1 Kd6 30.e5+ Kc5 31.f3 a5 32.h4 a4 33.h5 gxh5 34.Bxh7 h4 35.
Kf2 axb3 36.axb3 Kb4 37.Bg8 Rd7 38.Rb2 Kc3 39.Rb1 h3 40.gxh3 Rd3 41.Bxf7 
Rxf3+ 42.Ke2 Rxh3 43.Rc1+ Kd4 44.Bxe6 Rh2+ 45.Ke1 f3 46.Bg4 f2+ 47.Ke2 
f1=Q+ 0-1

[Event "8th EUR-ch (w)"]
[Site "Dresden GER"]
[Date "2007.04.03"]
[Round "1"]
[White "Danielian, Elina"]
[Black "Dergatschova-Daus, Anna"]
[Result "1-0"]
[WhiteElo "2424"]
[BlackElo "2230"]
[EventDate "2007.04.03"]
[PlyCount "73"]

1.d4 d5 2.Nf3 Bf5 3.c4 e6 4.Nc3 Nc6 5.Bf4 Bb4 6.cxd5 exd5 7.e3 Nge7 8.Be2 
O-O 9.Rc1 Bd6 10.Bxd6 Qxd6 11.O-O a6 12.a3 Rae8 13.Na4 Bc8 14.Nc5 f5 15.
Qb3 b5 16.Nd3 f4 17.Nxf4 Rxf4 18.exf4 Ng6 19.Rfe1 Rf8 20.Qc3 Bd7 21.Ne5 
Nge7 22.Qc5 Nxe5 23.Qxd6 cxd6 24.fxe5 dxe5 25.Rc7 Rd8 26.dxe5 Kf7 27.Bh5+ 
Ke6 28.Bg4+ Nf5 29.Bxf5+ Kxf5 30.e6 Bxe6 31.g4+ Kf6 32.Rc6 Re8 33.f4 g6 
34.Kf2 h5 35.gxh5 gxh5 36.Re5 h4 37.Ke3 1-0

[Event "8th EUR-ch (w)"]
[Site "Dresden GER"]
[Date "2007.04.03"]
[Round "1"]
[White "Franciskovic, Borka"]
[Black "Mkrtchian, Lilit"]
[Result "0-1"]
[WhiteElo "2227"]
[BlackElo "2424"]
[EventDate "2007.04.03"]
[PlyCount "82"]

1.c4 c5 2.Nc3 Nc6 3.Nf3 g6 4.g3 Bg7 5.Bg2 d6 6.O-O e5 7.Ne1 Be6 8.d3 Nge7 
9.Nc2 d5 10.cxd5 Nxd5 11.Ne4 b6 12.Ng5 Bc8 13.Ne3 Nde7 14.Qa4 Bd7 15.Qh4 
f6 16.Nxh7 Kf7 17.f4 exf4 18.Rxf4 g5 19.Qxg5 Rxh7 20.Be4 Rh6 21.Nd5 Qh8 
22.Nxe7 Kxe7 23.Qd5 Rxh2 24.Be3 Qh3 25.Bf2 Rh8 26.Bg2 Qh5 27.Re4+ Kd8 28.
Qxh5 R2xh5 29.Ra4 f5 30.Rb1 a5 31.Rf4 Nd4 32.Kf1 Be5 33.Rh4 Rxh4 34.gxh4 
Bf6 35.e3 Nc6 36.Bg3 Bxh4 37.Bf4 Bf6 38.Ke2 Ne5 39.Rc1 Bb5 40.Bxe5 Bxe5 
41.b3 Rh2 0-1

[Event "8th EUR-ch (w)"]
[Site "Dresden GER"]
[Date "2007.04.03"]
[Round "1"]
[White "Jackova, Jana"]
[Black "Ohme, Melanie"]
[Result "1-0"]
[WhiteElo "2423"]
[BlackElo "2225"]
[EventDate "2007.04.03"]
[PlyCount "71"]

1.e4 c5 2.Nf3 e6 3.b3 Nc6 4.Bb2 d6 5.d4 cxd4 6.Nxd4 Nf6 7.Bd3 Be7 8.O-O 
O-O 9.c4 a6 10.Nd2 Qc7 11.N2f3 Bd7 12.Qe2 Rfe8 13.Rad1 e5 14.Nc2 b5 15.Ne3
Bf8 16.Rfe1 Nb4 17.Bb1 bxc4 18.Nxc4 a5 19.h3 Bb5 20.Rc1 Qb7 21.Qd2 d5 22.
exd5 Nbxd5 23.Rxe5 Bb4 24.Qd4 Rad8 25.Qh4 Bxc4 26.Qxc4 Bd6 27.Rxe8+ Rxe8 
28.Rd1 Bb8 29.Qh4 h6 30.Bd3 Qc7 31.Qc4 Qe7 32.Bf1 Nf4 33.Re1 Ne4 34.g3 Ng6
35.Bd3 Bxg3 36.Rxe4 1-0

[Event "8th EUR-ch (w)"]
[Site "Dresden GER"]
[Date "2007.04.03"]
[Round "1"]
[White "Daulyte, Deimante"]
[Black "Peptan, Corina-Isabela"]
[Result "0-1"]
[WhiteElo "2224"]
[BlackElo "2422"]
[EventDate "2007.04.03"]
[PlyCount "176"]

1.e4 c5 2.Nf3 d6 3.d4 cxd4 4.Nxd4 Nf6 5.Nc3 Nc6 6.Bc4 Qb6 7.Nb3 a6 8.a4 e6
9.O-O Be7 10.a5 Qc7 11.Be3 Nb4 12.Be2 d5 13.Bb6 Qb8 14.Bf3 O-O 15.exd5 
exd5 16.Nxd5 Nfxd5 17.Bxd5 Bd6 18.h3 Bh2+ 19.Kh1 Be5 20.Bc4 Bf5 21.c3 Qc8 
22.Qe2 Nc6 23.Bd3 Re8 24.Bxf5 Qxf5 25.Rae1 Re7 26.Qe4 Qf6 27.Qc4 Rae8 28.
Nc5 Bb8 29.Rxe7 Qxe7 30.f4 h6 31.Nxa6 Nxa5 32.Bxa5 bxa6 33.Qxa6 Qe4 34.Qb5
Bd6 35.Bb6 Re6 36.f5 Re5 37.Qd7 Qd3 38.Qc8+ Kh7 39.Kg1 Rb5 40.Bd4 Bh2+ 41.
Kxh2 Qxf1 42.Qf8 Qf4+ 43.Kh1 Qc1+ 44.Kh2 Qf4+ 45.Kh1 f6 46.Bxf6 Qg3 47.Qe8
Rxf5 48.Bd4 Rf1+ 49.Bg1 Qd3 50.Kh2 Qd6+ 51.Kh1 Qd5 52.Qe2 Rd1 53.Qc2+ Kh8 
54.b4 Rd3 55.Bd4 Rxh3+ 56.Kg1 Rg3 57.Qe2 Rg5 58.Kh2 h5 59.Qf3 Qd6+ 60.Kh1 
Qe7 61.Bf2 Qe6 62.Bd4 Rg4 63.Bf2 Qe5 64.Kg1 Rg5 65.c4 Rg4 66.Qf8+ Kh7 67.
Qf3 Rxc4 68.Qd3+ Qe4 69.Qxe4+ Rxe4 70.b5 Rb4 71.b6 Rb1+ 72.Kh2 g5 73.Bd4 
Kg6 74.Kg3 Kf5 75.Kf3 Rb3+ 76.Kf2 Kf4 77.Bc5 Rb2+ 78.Kg1 Ke4 79.Kh2 Kf5 
80.Bd4 Rb3 81.Bc5 h4 82.Bf2 Kg4 83.Bd4 Rb1 84.Be3 Kh5 85.g3 Rb2+ 86.Kg1 h3
87.Bd4 Rb1+ 88.Kh2 Kg4 0-1

[Event "8th EUR-ch (w)"]
[Site "Dresden GER"]
[Date "2007.04.03"]
[Round "1"]
[White "Pogonina, Natalia"]
[Black "Seps, Monika"]
[Result "1-0"]
[WhiteElo "2419"]
[BlackElo "2265"]
[EventDate "2007.04.03"]
[PlyCount "53"]

1.e4 c5 2.Nf3 d6 3.d4 cxd4 4.Nxd4 Nf6 5.Nc3 a6 6.Be2 e5 7.Nb3 Be7 8.Be3 
Be6 9.O-O O-O 10.Qd2 Nbd7 11.a4 Rc8 12.a5 Qc7 13.Rfc1 Nc5 14.Nxc5 dxc5 15.
f3 Rfd8 16.Qe1 Nh5 17.Na4 Nf4 18.Bf1 f5 19.Nb6 Rb8 20.exf5 Bxf5 21.Bxf4 
exf4 22.Nd5 Rxd5 23.Bc4 Kf8 24.Bxd5 c4 25.Kh1 Re8 26.Rab1 Qc5 27.Qe5 1-0

[Event "8th EUR-ch (w)"]
[Site "Dresden GER"]
[Date "2007.04.03"]
[Round "1"]
[White "Rajlich, Iweta"]
[Black "Topel, Zehra"]
[Result "1-0"]
[WhiteElo "2408"]
[BlackElo "2224"]
[EventDate "2007.04.03"]
[PlyCount "75"]

1.Nf3 Nf6 2.c4 g6 3.Nc3 Bg7 4.d4 d6 5.Bg5 O-O 6.e3 c5 7.d5 Nbd7 8.Be2 h6 
9.Bh4 a6 10.a4 Rb8 11.O-O Re8 12.Nd2 Qc7 13.Qc2 Nf8 14.Bg3 Bd7 15.h3 Rbd8 
16.Bh2 Bc8 17.Rfd1 b6 18.Bf1 Bb7 19.a5 bxa5 20.Nb3 a4 21.Rxa4 Qb6 22.Na5 
Ba8 23.Be2 e5 24.dxe6 Nxe6 25.Nd5 Qb8 26.Bf3 Nxd5 27.Bxd5 Qxb2 28.Qxb2 
Bxb2 29.Nc6 Rd7 30.Rxa6 Bf6 31.Bxe6 fxe6 32.Rxd6 Rb7 33.Rd1 Rb2 34.Be5 
Bxe5 35.Nxe5 Bb7 36.Ra7 Re7 37.Nd3 Rb6 38.Nxc5 1-0

[Event "8th EUR-ch (w)"]
[Site "Dresden GER"]
[Date "2007.04.03"]
[Round "1"]
[White "Mader, Manuela"]
[Black "Bojkovic, Natasa"]
[Result "0-1"]
[WhiteElo "2223"]
[BlackElo "2408"]
[EventDate "2007.04.03"]
[PlyCount "144"]

1.e4 c5 2.c3 d5 3.exd5 Qxd5 4.d4 e6 5.Nf3 Nf6 6.Be3 cxd4 7.cxd4 Bb4+ 8.Nc3
O-O 9.Bd3 b6 10.O-O Bxc3 11.bxc3 Ba6 12.Bxa6 Nxa6 13.Qa4 Qb7 14.c4 Rfc8 
15.Ne5 Nb8 16.Rfd1 Nbd7 17.Nxd7 Nxd7 18.Rac1 h6 19.h3 Nf6 20.Qb3 Rd8 21.
Bf4 Rac8 22.Be5 Nd7 23.Bg3 Nf8 24.a4 Qe4 25.Qe3 Qc6 26.Qb3 Ng6 27.Qb5 Qe4 
28.Qa6 Ra8 29.c5 Rdc8 30.cxb6 Rxc1 31.Rxc1 axb6 32.Rc8+ Rxc8 33.Qxc8+ Kh7 
34.Qd8 Qc6 35.Qc7 Qxa4 36.Qxb6 Qc2 37.Qc5 Qe4 38.Qa7 f5 39.Qa1 f4 40.f3 
Qf5 41.Bf2 Ne7 42.Qe1 Nd5 43.Qe4 Qxe4 44.fxe4 Nc3 45.d5 exd5 46.exd5 Nxd5 
47.g3 g5 48.Kg2 Kg6 49.gxf4 gxf4 50.Kf3 Kf5 51.Bc5 Nc7 52.h4 Ne6 53.Ba7 h5
54.Bb8 Nd4+ 55.Kf2 Kg4 56.Be5 Nf5 57.Bc7 Nxh4 58.Bb8 Nf5 59.Ba7 Ng3 60.Kg2
Ne4 61.Bb6 h4 62.Ba7 Nd2 63.Bb6 Nc4 64.Bf2 Nd2 65.Bb6 Ne4 66.Ba7 Nf6 67.
Bb6 Nd5 68.Bf2 Ne3+ 69.Kh2 h3 70.Be1 Nd1 71.Bb4 f3 72.Kg1 f2+ 0-1

[Event "8th EUR-ch (w)"]
[Site "Dresden GER"]
[Date "2007.04.03"]
[Round "1"]
[White "Gvetadze, Sopio"]
[Black "Padurariu, Ioana-Smaranda"]
[Result "1/2-1/2"]
[WhiteElo "2411"]
[BlackElo "2223"]
[EventDate "2007.04.03"]
[PlyCount "121"]

1.e4 e6 2.d3 d5 3.Nd2 c5 4.Ngf3 Nc6 5.g3 Bd6 6.Bg2 Nge7 7.O-O O-O 8.Re1 f6
9.c3 Rb8 10.a3 b5 11.b4 cxb4 12.cxb4 d4 13.Nb3 e5 14.Nh4 a5 15.bxa5 Nxa5 
16.Bd2 Nxb3 17.Qxb3+ Kh8 18.f4 Bd7 19.f5 Bc7 20.Rec1 Ba5 21.Bb4 Bxb4 22.
axb4 Nc6 23.Rc5 Qe7 24.Qd1 Rfc8 25.Bh3 Kg8 26.Rac1 Qf7 27.Qc2 Ne7 28.Qb2 
Rxc5 29.Rxc5 Ra8 30.Bg4 Nc6 31.Bd1 Ra2 32.Qb1 Ra3 33.Rxb5 Kf8 34.Rb7 Qa2 
35.Qxa2 Rxa2 36.Bb3 Ra1+ 37.Kg2 Ke8 38.Be6 Bxe6 39.fxe6 Nd8 40.Rxg7 Nxe6 
41.Rxh7 Ra2+ 42.Kg1 Ng5 43.Rb7 Nh3+ 44.Kf1 Nf2 45.Nf5 Nxd3 46.h4 Nf2 47.h5
d3 48.h6 d2 49.Ne3 Ng4 50.Nd1 Nxh6 51.Ke2 Nf7 52.Nc3 Ra3 53.Kxd2 Nd6 54.
Rb8+ Kd7 55.Kc2 Ra1 56.Rg8 Rg1 57.b5 f5 58.b6 f4 59.Kd3 Rxg3+ 60.Rxg3 fxg3
61.Kd2 1/2-1/2

[Event "8th EUR-ch (w)"]
[Site "Dresden GER"]
[Date "2007.04.03"]
[Round "1"]
[White "Richards, Heather"]
[Black "Vajda, Szidonia"]
[Result "1/2-1/2"]
[WhiteElo "2220"]
[BlackElo "2407"]
[EventDate "2007.04.03"]
[PlyCount "87"]

1.e4 e5 2.Nc3 Nf6 3.g3 d5 4.exd5 Nxd5 5.Bg2 Nxc3 6.bxc3 Be7 7.Qe2 O-O 8.
Qxe5 Re8 9.Ne2 Bd6 10.Qh5 g6 11.Qf3 Qe7 12.Qe3 Qf8 13.Qg5 Nc6 14.d3 Ne5 
15.h3 Rb8 16.Be3 c5 17.Qh6 Qe7 18.Nf4 Qd8 19.Nd5 Bf8 20.Qf4 Bg7 21.O-O 
Bxh3 22.Bxh3 Qxd5 23.Bg2 Qd6 24.Rab1 b6 25.Qa4 Qd7 26.Qxd7 Nxd7 27.Bc6 
Red8 28.Bg5 Bf6 29.Bxd7 Bxg5 30.Bc6 Rd6 31.Bf3 Bf6 32.Rb3 Re8 33.c4 a5 34.
Rbb1 Bc3 35.Kg2 Kg7 36.Rh1 f5 37.a4 Re7 38.Rb3 Bd4 39.Rbb1 Rde6 40.Rbd1 
Bc3 41.Rb1 Rf6 42.Rb3 Be1 43.Rb1 Bd2 44.Rbd1 1/2-1/2

[Event "8th EUR-ch (w)"]
[Site "Dresden GER"]
[Date "2007.04.03"]
[Round "1"]
[White "Lomineishvili, Maia"]
[Black "Umudova, Nargiz"]
[Result "0-1"]
[WhiteElo "2399"]
[BlackElo "2198"]
[EventDate "2007.04.03"]
[PlyCount "110"]

1.d4 Nf6 2.c4 g6 3.Nc3 Bg7 4.e4 d6 5.Nf3 O-O 6.h3 e5 7.d5 a5 8.Bg5 h6 9.
Be3 Na6 10.Nd2 Nh5 11.g3 Qe8 12.Be2 Nf6 13.g4 Bd7 14.Nf1 Nc5 15.Ng3 c6 16.
Qd2 Kh7 17.f3 cxd5 18.cxd5 Rc8 19.h4 Ng8 20.h5 g5 21.Nf5 Bxf5 22.gxf5 Qe7 
23.Kf2 Nf6 24.Rac1 Rg8 25.Rcg1 Bf8 26.Bxc5 Rxc5 27.Na4 Rc8 28.Qxa5 Rc2 29.
Qb5 g4 30.Qd3 Qc7 31.Ke1 Qa5+ 32.Kd1 Rxe2 33.Kxe2 Qxa4 34.a3 Be7 35.b4 
gxf3+ 36.Kxf3 Rxg1 37.Rxg1 Nxh5 38.Rb1 Nf4 39.Qb3 Qe8 40.Qc2 Qg8 41.Qh2 
Qc8 42.Qd2 Bg5 43.Qc1 Qg8 44.Qg1 Qa8 45.Ra1 Qa6 46.Qf1 Qa7 47.Qg1 Qa4 48.
Qd1 Qe8 49.Qf1 f6 50.Qh1 h5 51.Qg1 h4 52.a4 Nh5 53.Kg4 Ng3 54.Kh3 Nxe4 55.
Qe1 Qc8 0-1

[Event "8th EUR-ch (w)"]
[Site "Dresden GER"]
[Date "2007.04.03"]
[Round "1"]
[White "Kopinits, Anna-Christina"]
[Black "Melia, Salome"]
[Result "1/2-1/2"]
[WhiteElo "2198"]
[BlackElo "2396"]
[EventDate "2007.04.03"]
[PlyCount "56"]

1.e4 c5 2.Nf3 d6 3.d4 cxd4 4.Nxd4 Nf6 5.Nc3 Nc6 6.Be2 e5 7.Nf3 h6 8.O-O 
Be7 9.h3 O-O 10.Re1 Be6 11.Bf1 Qd7 12.Nd5 Bd8 13.b3 Bxd5 14.exd5 Ne7 15.c4
Bb6 16.Bb2 Nf5 17.b4 e4 18.Bxf6 exf3 19.Qxf3 gxf6 20.Qg4+ Kh8 21.Bd3 Rg8 
22.Qxf5 Qxf5 23.Bxf5 Bd4 24.Rac1 b6 25.Red1 Bb2 26.Rb1 Be5 27.Rbc1 Bb2 28.
Rb1 Be5 1/2-1/2